000 01019cad a22002175a 4500
001 E149819
008 100430s2010 xxk f s000 0 eng d
035 _a(Sirsi) u149819
041 0 _aeng
110 2 _aScotland
_kLaws, etc
245 0 0 _aMarine (Scotland) Act 2010
_h[electronic resource]
260 _a[S.l.]
_bOPSI
_c2010
520 _aAn Act which relates to various aspects of the Scottish marine area, including marine plans, licensing of marine activities, and marine conservation. Includes provision about marine plans, licensing of marine activities, the protection of the area and its wildlife including seals and regulation of sea fisheries.
521 _aAdvanced
590 _aKA
650 2 4 _aMARINE (SCOTLAND) ACT 2010
651 4 _aScotland
_y1999-
690 _aPROPERTY-RURAL AND NATURAL ASSETS-MARINE RESOURCES-MARINE RESOURCE MANAGEMENT
856 4 0 _uhttps://www.opsi.gov.uk/legislation/scotland/acts2010/asp_20100005_en_1
_zView the Act free of charge at www.opsi.gov.uk...
942 _n0
999 _c110642
_d110642